000 00510cam a2200181 4500
008 000000n2000 000 0 eng u
020 _a0415234379
035 _a(Sirsi) u106140
050 _a692.5098
110 _aFranklin and Andrews
_92518
245 _aSpon's Latin American construction costs handbook.
260 _aLondon
_bE & F N Spon
_c2000
300 _axi,331p. : ill.,map ; 24cm.
350 _a99.00
651 4 _aLatin America
690 _aBUILT ENVIRONMENT-BUILDING COSTS
942 _n0
999 _c100524
_d100524